| 000 | 01046nam a22001697a 4500 | ||
|---|---|---|---|
| 003 | SGT | ||
| 020 | _a9788126511105 | ||
| 082 | _a668.9, BIL | ||
| 100 | _aBILLMEYER W. FRED | ||
| 245 | _aTEXTBOOK OF POLYMER SCIENCE | ||
| 250 | _a3RD | ||
| 260 |
_aNEW DELHI _bWILEY _c2012 |
||
| 300 | _a578 | ||
| 650 | _aPOLYMERS AND POLYMERIZATION | ||
| 653 | _aThe Science of Large Molecules, Step-Reaction (Condensation) Polymerization, Radical Chain (Addition) Polymerization, Ionic and Coordination Chain (Addition) Polymerization, Copolymerization, Polymerization Conditions and Polymer Reaction, Polymer Solutions, Measurement of Molecular Weight and Size, Analysis and Testing of Polymers, Morphology and Order in Crystalline Polymers, Rheology and the Mechanical Properties of Polymers, Polymer Structure and Physical Properties, Hydrocarbon Plastics and Elastomer, Other Carbon-Chain Polymers, Heterochain Thermoplastics, Thermosetting Resins, Plastics Technology, Fiber Technology, Elastomer Technology | ||
| 942 |
_2ddc _cFPS |
||
| 999 |
_c9276 _d9276 |
||